Annotated Ontario Mental Health Statutes

Detalles Bibliográficos
Autor principal: Schneider, Richard D.
Otros Autores: Pakosh, Caitlin, Patton, Lora
Formato: eBook
Lenguaje:inglés
Publicado: Toronto: Irwin Law Inc., 2022
Edición:5ta. Edicin̤
Materias:
Acceso en línea:Acceso restringido

MARC

LEADER 00000nam a22000007a 4500
005 20220920212447.0
007 cr|||| ||||
008 220920s2022 ca |||||s|||| 00||0 eng d
020 |a 9781552216316 
035 |a 37259 
040 |a vLex 
090 |c 13977  |d 13977 
100 1 |a Schneider, Richard D. 
245 1 0 |a Annotated Ontario Mental Health Statutes  |h [Recurso electrn̤ico] /  |c Richard D. Schneider, Caitlin Pakosh, Lora Patton 
250 |a 5ta. Edicin̤ 
256 |a Servicio en ln̕ea 
260 |a Toronto:  |b Irwin Law Inc.,  |c 2022 
300 |a 1 recurso electrn̤ico 
500 |a Annotated Ontario Mental Health Statutes, 5th edition, is an up-to-date, centralized source of legislation and analysis in the area of mental health for Ontario. Consolidated versions of the following legislation and related forms are included: Mental Health Act and regulations Health Care Consent Act, 1996 and regulations Substitute Decisions Act, 1992 and regulations Public Hospitals Act and regulations Personal Health Information Protection Act and regulations The Canadian Charter of Rights and Freedoms and the relevant sections of the Criminal Code are also included. This edition contains the mental health provisions in Part XX.1 of the Criminal Code, which formed part of Bill C-10, proclaimed in force in 2005. Also in this edition is the Crown Practice Memorandum on the Diversion of Mentally Disordered Accused. A table of cases has also been provided. Annotations cover caselaw from Ontario, as well as other jurisdictions, through to December 2021. Caselaw annotations range in length from a few sentences to the full text of the judgment. Commentaries are practical and to the point. The format is easy to use and places the updated caselaw annotations and commentary adjacent to the legislative provisions to which they relate, following the logical organization of the statutes 
506 1 |a Disponible solo en los productos indicados  |d vLex Global  |d vLex Global (Academic Edition, excluding Law Schools)  |d vLex Global (U.S. Academic Edition, Law Schools)  |d vLex Global (U.S. Academic Edition, excluding Law Schools)  |d vLex Global (Academic Edition, Law Schools) 
650 0 4 |a Derecho Penal  |z Canad̀ 
700 1 |a Pakosh, Caitlin 
700 1 |a Patton, Lora 
740 0 |a vLex Libros (Servicio en ln̕ea) 
856 4 0 |u https://app.vlex.com/#/sources/37259  |z Acceso restringido 
942 |c BOOK 
999 0 |a Criminal law